[Event "17th SLO-ch"]
[Site "Ljubljana SLO"]
[Date "2007.08.17"]
[Round "7"]
[White "Sebenik, Matej"]
[Black "Gombac, Jan"]
[Result "1-0"]
[WhiteElo "2465"]
[BlackElo "2290"]
[PlyCount "75"]
[EventDate "2007.08.11"]

1. c4 e6 2. d4 d5 3. Nf3 a6 4. g3 Nf6 5. Bg2 dxc4 6. O-O b5 7. Ne5 Nd5 8. a4 Bb7 9. axb5 axb5 10. Rxa8 Bxa8 11. e4 Nf6 12. Nc3 c6 13. Bg5 Be7 14. Qa1 Bb7 15. Qa7 Qc8 16. d5 O-O 17. dxe6 fxe6 18. Rd1 Na6 19. Nd7 Rf7 20. Nb6 Qb8 21. Qxb8+ Nxb8 22. Bh3 h6 23. Be3 Rf8 24. Bxe6+ Kh7 25. e5 Ne8 26. Nd7 Nc7 27. Nxf8+ Bxf8 28. Bf5+ g6 29. Rd8 Nba6 30. Rxf8 gxf5 31. e6 c5 32. Nxb5 Nxb5 33. Rf7+ Kg6 34. Rxb7 Nd4 35. Bxh6 Nxe6 36. Rb6 Nac7 37. Bf4 Kh5 38. Bxc7 1-0

[Event "17th SLO-ch"]
[Site "Ljubljana SLO"]
[Date "2007.08.18"]
[Round "8"]
[White "Jeran, Bostjan"]
[Black "Borisek, Jure"]
[Result "0-1"]
[WhiteElo "2153"]
[BlackElo "2506"]
[PlyCount "130"]
[EventDate "2007.08.11"]

1. e4 c5 2. Nf3 d6 3. d4 cxd4 4. Nxd4 Nf6 5. Nc3 a6 6. Be3 e6 7. f3 b5 8. g4 Nfd7 9. Qd2 Nb6 10. O-O-O N8d7 11. Ndxb5 axb5 12. Nxb5 Ba6 13. Nxd6+ Bxd6 14. Qxd6 Nc4 15. Bxc4 Bxc4 16. Qd4 Be2 17. Qxg7 Rf8 18. Bc5 Bxd1 19. Rxd1 Rxa2 20. b4 Qf6 21. Qxf6 Nxf6 22. Kb1 Ra8 23. Bxf8 Kxf8 24. g5 Nh5 25. Kb2 Nf4 26. h4 Ke7 27. Kb3 e5 28. b5 Ne2 29. Kb4 Ra2 30. Rd5 Ke6 31. c3 Rb2+ 32. Ka5 Nxc3 33. Rc5 Ne2 34. Rc6+ Kd7 35. Rf6 Ke7 36. Ka6 Nd4 37. b6 Ra2+ 38. Kb7 Ne6 39. Kc6 Rc2+ 40. Kb5 Rb2+ 41. Kc6 Rb3 42. Rh6 Nd4+ 43. Kb7 Rxf3 44. Rxh7 Kd6 45. Rh6+ Ke7 46. Kb8 Kd7 47. Rf6 Nc6+ 48. Kb7 Nd8+ 49. Ka6 Ra3+ 50. Kb5 Rh3 51. Rh6 Nb7 52. Kc4 Ra3 53. g6 fxg6 54. Rxg6 Nd6+ 55. Kb4 Ra6 56. Rg7+ Kc6 57. Re7 Rxb6+ 58. Ka4 Nc4 59. h5 Kc5 60. Rc7+ Kd4 61. Rg7 Rh6 62. Kb4 Ne3 63. Rg5 Kxe4 64. Kc3 Kf4 65. Rg8 Rxh5 0-1

[Event "17th SLO-ch"]
[Site "Ljubljana SLO"]
[Date "2007.08.18"]
[Round "8"]
[White "Sakelsek, Tadej"]
[Black "Lenic, Luka"]
[Result "1/2-1/2"]
[WhiteElo "2479"]
[BlackElo "2538"]
[PlyCount "131"]
[EventDate "2007.08.11"]

1. e4 c5 2. Nf3 Nc6 3. d4 cxd4 4. Nxd4 Nf6 5. Nc3 e5 6. Ndb5 d6 7. Bg5 a6 8. Na3 Be6 9. Nc4 Rc8 10. Nd5 Bxd5 11. Bxf6 gxf6 12. Qxd5 Nd4 13. Bd3 b5 14. Ne3 Bh6 15. c3 Bxe3 16. fxe3 Ne6 17. Bc2 Qb6 18. Qd2 Rg8 19. O-O Rg6 20. Bb3 Ke7 21. Kh1 Rcg8 22. Rf2 Rg4 23. Bd5 R8g6 24. a4 Nc7 25. axb5 axb5 26. Re2 Rg8 27. b4 Rb8 28. Qd3 Nxd5 29. exd5 e4 30. Qd2 Rg5 31. Rf2 Rbg8 32. g3 R8g6 33. Rf4 Re5 34. Qd4 Qxd4 35. cxd4 Rxd5 36. Ra7+ Kf8 37. Rxe4 f5 38. Ree7 Rf6 39. Kg2 f4 40. gxf4 Rh5 41. Reb7 Rg6+ 42. Kf3 Rh3+ 43. Ke4 Rf6 44. d5 Rxh2 45. Rxb5 Rb2 46. Rb8+ Kg7 47. b5 h5 48. b6 h4 49. b7 Rh6 50. Rd8 h3 51. b8=Q Rxb8 52. Rxb8 h2 53. Ra1 h1=Q+ 54. Rxh1 Rxh1 55. Rd8 Rh6 56. Kd4 f5 57. Rd7+ Kf8 58. Kc4 Ke8 59. Rg7 Rh1 60. Kb5 Rc1 61. Rg5 Rc5+ 62. Kb6 Rxd5 63. Kc6 Rd3 64. Rxf5 Rxe3 65. Kxd6 Ra3 66. Re5+ 1/2-1/2

[Event "17th SLO-ch"]
[Site "Ljubljana SLO"]
[Date "2007.08.18"]
[Round "8"]
[White "Skoberne, Jure"]
[Black "Barle, Janez"]
[Result "1-0"]
[WhiteElo "2479"]
[BlackElo "2400"]
[PlyCount "63"]
[EventDate "2007.08.11"]

1. e4 c5 2. Nf3 a6 3. c3 d5 4. exd5 Qxd5 5. d4 Nf6 6. Be3 cxd4 7. cxd4 e6 8. Nc3 Qd6 9. Bd3 Be7 10. O-O Nc6 11. a3 O-O 12. Qe2 Ng4 13. Rad1 Nxe3 14. fxe3 g6 15. Bb1 b5 16. e4 b4 17. e5 Qd8 18. Ne4 Bb7 19. Qe3 Kg7 20. Kh1 bxa3 21. bxa3 Na5 22. Nfg5 Bxg5 23. Nxg5 Nc4 24. Qf4 Qe7 25. Qh4 h6 26. Rf6 hxg5 27. Qxg5 Qe8 28. Rdf1 Nxa3 29. R6f4 Qb5 30. Rxf7+ Rxf7 31. Qxg6+ Kh8 32. Qh5+ 1-0

[Event "17th SLO-ch"]
[Site "Ljubljana SLO"]
[Date "2007.08.18"]
[Round "8"]
[White "Tratar, Marko"]
[Black "Sebenik, Matej"]
[Result "1/2-1/2"]
[WhiteElo "2491"]
[BlackElo "2465"]
[PlyCount "23"]
[EventDate "2007.08.11"]

1. d4 Nf6 2. Nf3 e6 3. c4 b6 4. g3 Bb7 5. Bg2 Be7 6. O-O O-O 7. Nc3 Ne4 8. Nxe4 Bxe4 9. Ne1 Bxg2 10. Nxg2 d5 11. cxd5 Qxd5 12. Nf4 1/2-1/2

[Event "17th SLO-ch"]
[Site "Ljubljana SLO"]
[Date "2007.08.19"]
[Round "9"]
[White "Borisek, Jure"]
[Black "Sakelsek, Tadej"]
[Result "1/2-1/2"]
[WhiteElo "2506"]
[BlackElo "2479"]
[PlyCount "29"]
[EventDate "2007.08.11"]

1. e4 e5 2. Nf3 Nc6 3. Bb5 a6 4. Ba4 Nf6 5. O-O b5 6. Bb3 Bc5 7. a4 Rb8 8. c3 d6 9. d4 Bb6 10. axb5 axb5 11. h3 O-O 12. Re1 Bb7 13. d5 Ne7 14. Na3 c6 15. dxc6 1/2-1/2

[Event "17th SLO-ch"]
[Site "Ljubljana SLO"]
[Date "2007.08.19"]
[Round "9"]
[White "Lenic, Luka"]
[Black "Gombac, Jan"]
[Result "1-0"]
[WhiteElo "2538"]
[BlackElo "2290"]
[PlyCount "51"]
[EventDate "2007.08.11"]

1. d4 Nf6 2. c4 g6 3. Nc3 Bg7 4. e4 d6 5. Nf3 O-O 6. Be2 a5 7. O-O Na6 8. Qc2 Qe8 9. h3 e5 10. dxe5 dxe5 11. Be3 Nd7 12. a3 c6 13. Na4 Nc7 14. Rfd1 Ne6 15. c5 Kh8 16. Rd6 f5 17. exf5 gxf5 18. Bc4 Rf6 19. Rad1 e4 20. Ng5 Nxg5 21. Bxg5 Rxd6 22. Rxd6 Be5 23. Re6 Qf8 24. Qd2 Bf6 25. Qxd7 Bxg5 26. Qd4+ 1-0

[Event "17th SLO-ch"]
[Site "Ljubljana SLO"]
[Date "2007.08.19"]
[Round "9"]
[White "Pavasovic, Dusko"]
[Black "Tratar, Marko"]
[Result "1/2-1/2"]
[WhiteElo "2584"]
[BlackElo "2491"]
[PlyCount "72"]
[EventDate "2007.08.11"]

1. e4 e6 2. d4 d5 3. Nd2 dxe4 4. Nxe4 Nd7 5. Nf3 Ngf6 6. Nxf6+ Nxf6 7. Be3 Bd6 8. Bd3 b6 9. Qe2 Bb7 10. O-O-O Qe7 11. Ne5 O-O-O 12. Bg5 h6 13. Bh4 g5 14. Bg3 Nd5 15. Ba6 Bxe5 16. Bxe5 f6 17. Bg3 Bxa6 18. Qxa6+ Kb8 19. Rhe1 Qd7 20. Qe2 Rhe8 21. a3 Qf7 22. c4 Nf4 23. Bxf4 gxf4 24. Qe4 e5 25. dxe5 fxe5 26. Qc6 Qe7 27. Kb1 Rd6 28. Qe4 Rxd1+ 29. Rxd1 Rd8 30. Rd5 Rxd5 31. cxd5 Qh4 32. Qxe5 Qxf2 33. Qe8+ Kb7 34. Qc6+ Kb8 35. Qe8+ Kb7 36. Qc6+ Kb8 1/2-1/2

[Event "17th SLO-ch"]
[Site "Ljubljana SLO"]
[Date "2007.08.19"]
[Round "9"]
[White "Sebenik, Matej"]
[Black "Skoberne, Jure"]
[Result "1/2-1/2"]
[WhiteElo "2465"]
[BlackElo "2479"]
[PlyCount "49"]
[EventDate "2007.08.11"]

1. d4 d5 2. Nf3 Nf6 3. c4 c6 4. e3 a6 5. Qc2 Bg4 6. Ne5 Bh5 7. Qb3 Qc7 8. Nc3 e6 9. Bd2 Nbd7 10. cxd5 Nxd5 11. f4 Be7 12. Bd3 O-O 13. Rc1 Rac8 14. O-O f6 15. Nxd7 Qxd7 16. Ne4 Bg6 17. Nc5 Bxc5 18. Bxg6 Bxd4 19. Bxh7+ Kxh7 20. Qd3+ Kg8 21. Qxd4 c5 22. Rxc5 Rxc5 23. Qxc5 Nxf4 24. exf4 Qxd2 25. Qf2 1/2-1/2